| 000 | 00391nam a2200121Ia 4500 | ||
|---|---|---|---|
| 008 | 220216s9999 xx 000 0 und d | ||
| 100 | _aBlackwell R F | ||
| 245 | 0 | _aQuantitative characterisation of cure.1. Relationship between modulus and strain in pure gum natural rubber vulcanisates | |
| 260 |
_bIRI Transactions _c1952 |
||
| 300 | _a75-84 | ||
| 650 | _aRubber vulcanisates | ||
| 942 | _cJS | ||
| 999 |
_c66195 _d66195 |
||